Giận

Nội dung cuốn sách giới thiệu đến độc giả những phương pháp, triết lý nhà Phật dạy cho mỗi người biết tiêu thu sân hận, dập tắt lữa giận, tiếng nói của yêu tương chân thật, truyền thông, chuyển hoá tâm từ bi......

Descripció completa

Guardat en:
Dades bibliogràfiques
Autor principal: Thích Nhất Hạnh
Format: Llibre
Idioma:Undetermined
Publicat: Hà Nội Phương Đông 2015
Matèries:
Etiquetes: Afegir etiqueta
Sense etiquetes, Sigues el primer a etiquetar aquest registre!
Thư viện lưu trữ: Trung tâm Học liệu Trường Đại học Cần Thơ
LEADER 00991nam a2200205Ia 4500
001 CTU_207204
008 210402s9999 xx 000 0 und d
020 |c 62000 
082 |a 294.35 
082 |b Th302 
100 |a Thích Nhất Hạnh 
245 0 |a Giận 
245 0 |c Thích Nhất Hạnh ; Chân Đạt (dịch) 
260 |a Hà Nội 
260 |b Phương Đông 
260 |c 2015 
520 |a Nội dung cuốn sách giới thiệu đến độc giả những phương pháp, triết lý nhà Phật dạy cho mỗi người biết tiêu thu sân hận, dập tắt lữa giận, tiếng nói của yêu tương chân thật, truyền thông, chuyển hoá tâm từ bi... 
650 |a Buddhism & humanism,Buddhism and philosophy,Phật giáo và chủ nghĩa nhân văn,Phật giáo và triết học 
904 |i Qhieu 
980 |a Trung tâm Học liệu Trường Đại học Cần Thơ